| 000 | 00884nac a22002651u 4500 | ||
|---|---|---|---|
| 008 | 090303t2008 ii||||| |||| 001 0 eng d | ||
| 010 | _a2006042861 | ||
| 020 | _a9788122423600 | ||
| 020 | _a8122423604 | ||
| 035 | _a(OCoLC)ocm65978675 | ||
| 082 | 0 | 0 |
_a005.1 _bAGG _222 |
| 100 |
_aAggarwal, K.K. _913191 |
||
| 245 | 1 | 0 |
_aSoftware Engineering / _cK.K. Aggarwal, Yogesh Singh. |
| 250 | _a3rd ed. | ||
| 260 |
_a[New Delhi] ; _bNew Age International, _cc.2008. |
||
| 300 |
_a507p. : _bill. ; _c24 cm. |
||
| 500 | _aIncludes Index. | ||
| 500 | _aIncludes CD. | ||
| 504 | _aIncludes bibliographical references and indexes. | ||
| 650 | 0 |
_aSoftware engineering. _93832 |
|
| 655 |
_92190 _aSoftware Engineering . _xComputer Science |
||
| 655 |
_92199 _aSoftware Engineering 2- year 2. _vreading book _xComputer Science |
||
| 700 |
_aSingh, Yogesh. _913192 |
||
| 942 |
_cBB _k005.1 SOM _2ddc |
||
| 999 |
_c13799 _d13799 |
||